<?xml version="1.0" encoding="UTF-8"?>
<marc:record xmlns:marc="http://www.loc.gov/MARC21/slim">
   <marc:leader>00000nam a2200000 a 4500</marc:leader>
   <marc:datafield ind1="1" ind2=" " tag="100">
      <marc:subfield code="a">Twain, Mark</marc:subfield>
      <marc:subfield code="4">aut</marc:subfield>
      <marc:subfield code="e">Verfasser/-in</marc:subfield>
   </marc:datafield>
   <marc:datafield ind1="0" ind2="0" tag="245">
      <marc:subfield code="a">Die Abenteuer des Huck Finn</marc:subfield>
   </marc:datafield>
   <marc:datafield ind1=" " ind2="1" tag="264">
      <marc:subfield code="b">Majestic Home Entertainment</marc:subfield>
      <marc:subfield code="c">2013</marc:subfield>
   </marc:datafield>
   <marc:datafield ind1="1" ind2=" " tag="520">
      <marc:subfield code="a">Seitdem Huck Finn einen Schatz gefunden hat, ist er ein reicher Mann - aber mit dem Leben in Freiheit ist's vorbei. Er wohnt bei der Witwe Douglas und deren Schwester Miss Watson, bedient vom Haussklaven Jim. Er muss einen Anzug tragen, Schule und Kirche besuchen. Doch es kommt noch schlimmer: Sein trunksüchtiger Vater taucht auf und beansprucht Hucks Reichtum für sich. Der Junge entschließt sich zur Flucht - wie auch Jim. Gemeinsam treiben die beiden - verfolgt von Sklavenjägern - auf einem Floß den Mississippi hinunter. </marc:subfield>
   </marc:datafield>
   <marc:datafield ind1="3" ind2=" " tag="024">
      <marc:subfield code="a">4010232059154</marc:subfield>
   </marc:datafield>
</marc:record>
